Movies Quiz

Random Movies or Actor Quiz
Score 0/20 Timer 05:00
2 Plays Today
Question Answer Wrong Answers
The Green Mile Tom Hanks
96.8%
Michael Clarke Duncan
1.8%
David Morse
0.4%
Bonnie Hunt
0.4%
Ocean's Eleven George Clooney
89.9%
Brad Pitt
7.9%
Andy Garcia
0.4%
Matt Damon
1.5%
The Avengers Robert Downey Jr.
85.6%
Mark Ruffalo
1.2%
Chris Hemsworth
5.9%
Chris Evans
4.5%
Toy Story 2 Tom Hanks
82.8%
Tim Allen
14.1%
Joan Cusack
0.4%
Kelsey Grammer
0.4%
Ghostbusters (1984) Bill Murray
80.3%
Dan Aykroyd
14.3%
Harold Ramis
0.7%
Sigourney Weaver
2.1%
The Godfather Marlon Brando
74.9%
Al Pacino
20.7%
James Caan
0.5%
Robert Duvall
0.8%
X-Men: Days of Future Past Hugh Jackman
70.7%
James McAvoy
16.1%
Michael Fassbender
5.8%
Jennifer Lawrence
5.7%
Suicide Squad Will Smith
68.8%
Jared Leto
17.7%
Margot Robbie
10.2%
Joel Kinnaman
1.1%
Star Wars: Episode VII - The Force Awakens Harrison Ford
67.9%
Carrie Fisher
3.7%
Mark Hamill
15.5%
Adam Driver
9.5%
The Hateful Eight Samuel L. Jackson
66.8%
Jennifer Jason Leigh
1.4%
Walton Goggins
0.7%
Kurt Russell
28.7%
Reservoir Dogs Harvey Keitel
63.3%
Steve Buscemi
16.4%
Michael Madsen
9.4%
Chris Penn
7.5%
Goodfellas Robert De Niro
61.6%
Ray Liotta
27.1%
Lorraine Bracco
0.4%
Joe Pesci
7.4%
Silver Linings Playbook Bradley Cooper
61.1%
Chris Tucker
0.8%
Jennifer Lawrence
24.6%
Robert De Niro
11.5%
The Shawshank Redemption Tim Robbins
59.8%
Morgan Freeman
37.9%
William Sadler
0.9%
Bob Gunton
0.3%
Horrible Bosses Jason Bateman
55%
Jason Sudeikis
7.9%
Charlie Day
1.2%
Kevin Spacey
33%
Star Wars: Episode I - The Phantom Menace Liam Neeson
54.7%
Ewan McGregor
33.7%
Natalie Portman
7.8%
Jake Lloyd
1.2%
The Departed Leonardo DiCaprio
49.7%
Jack Nicholson
37.7%
Mark Wahlberg
2.9%
Matt Damon
6.6%
Star Wars: Episode IV - A New Hope Mark Hamill
46.6%
Harrison Ford
44.2%
Carrie Fisher
3.7%
Peter Cushing
5.4%
Heat Al Pacino
46.4%
Robert De Niro
45.4%
Val Kilmer
3.5%
Jon Voight
1.7%
The Breakfast Club Emilio Estevez
38.3%
Molly Ringwald
47.6%
Anthony Michael Hall
8.8%
Ally Sheedy
2%
Remove Ads.
Support Sporcle.
Get the best of Sporcle when you Go Orange. This ad-free experience offers more features, more stats, and more fun while also helping to support Sporcle. Thank you for becoming a member.

You're not logged in!

Compare scores with friends on all Sporcle quizzes.
OR
Log In

Show Comments

Extras

Top Quizzes Today


Score Distribution

Your Account Isn't Verified!

In order to create a playlist on Sporcle, you need to verify the email address you used during registration. Go to your Sporcle Settings to finish the process.

Report this User

Report this user for behavior that violates our Community Guidelines.

Details: